| 000 | 00513nam a22001697a 4500 | ||
|---|---|---|---|
| 003 | OSt | ||
| 005 | 20250919035748.0 | ||
| 008 | 250919b |||||||| |||| 00| 0 eng d | ||
| 020 | _a971-32-0023-3 | ||
| 040 |
_aDWCL-Main Lib _cOC |
||
| 082 | _aCirc. 615.8 Y68 1994 | ||
| 100 | _aYoung, Jacqueline | ||
| 245 |
_aAcupressure for health : _b a complete self-care manual/ _cYoung, Jacqueline |
||
| 260 |
_aPhilippines : _bKadena Books, _cc1994 |
||
| 300 |
_a182 pages : _c24 cm. |
||
| 942 |
_2ddc _cBK-CIRC _hCirc. _n0 |
||
| 999 |
_c4490 _d4490 |
||